00939nam a22002657a 45000010005000000030006000050050017000110080041000280200018000690400029000870500016001160820011001321000033001432450061001762500041002372600038002783000039003165050007003555200184003625210018005465210018005646500041005826500018006237000032006416194FISKH20250327100052.0250327b cb ||||| |||| 00| 0 eng d a9780064420631 aFISKHbengcFISKHdFISKH aPZ7.B9836 T a813.54 aByards, Betsyd(1928–2020) aTornado /cBetsy Byards ; illustrations by Doron Ben-Ami aThis edition first published in 2004 aNew York :bHarper Trophy,c1996. a49 pages :billustrations ;c20 cm aP  aAs they wait out a tornado in their storm cellar, a family listens to their farmhand tell stories about the dog that was blown into his life by another tornado when he was a boy. 8 a610 bLexile 8 aP bRaz-Plus  2FictionaRealistic fictionvSonlight 2PetsaWeather aBen-Ami, Dorondillustrator